| 000 | 00642nam a22002177a 4500 | ||
|---|---|---|---|
| 999 |
_c9134 _d9134 |
||
| 003 | AR-CdUCM | ||
| 008 | 190327b ||||| |||| 00| 0 spa d | ||
| 040 |
_aMUNICIPALIDAD PROVINCIAL DEL CUSCO _cBIBLIOTECA MUNICIPAL DEL CUSCO |
||
| 082 |
_a869.56 / _bF315 |
||
| 100 |
_aFelipe, León _925167 |
||
| 245 |
_aEl ciervo : _bPoema / |
||
| 260 |
_aMéxico : _bGrijalbo, _c1958. |
||
| 300 |
_a131 páginas ; _c31 cm. _bImagenes, |
||
| 505 | _aContenido: Poemas. | ||
| 650 |
_aPoemas _9929 |
||
| 650 |
_aMéxico _918 |
||
| 650 |
_aPoesía latinoamericana _92147 |
||
| 700 |
_aRejano, Juan (prólogo) _925168 |
||
| 942 |
_2ddc _cLIBROS |
||
| 945 | _adavv | ||